000
00284 a2200109 4500
001
51242
040
_c
Anchieta - Pituba
240
1
0
_a
Festival Artístico de Redação 2014
_l
245
1
0
_a
Festival Artístico de Redação 2014
650
4
_a
Línguas espanhola e portuguesa
942
_c
MX
999
_c
51242
_d
51242